00578cam a2200181 a 450000100100000000500170001000800410002702000150006804000250008308200150010824500810012326000430020430000240024749000280027150000370029950400320033683000280036800001795520200929165307.0931008m19931997sp a b l000 1 spa c a8445106937 aDO-SdBNPbspacBNPHU axxxxbM18300aMadrid en la novela /cestudio y seleccion de Joquín Álvarez Barrientos. aMadrid :bComunidad de Madrid,cc1993. av. :bil. ;c25 cm.1 aMadrid en la literatura aLa biblioteca posee el volumen 2 aBibliografía : p. 291-293 0aMadrid en la literatura